Sikhism and history / (Record no. 152263)

MARC details
000 -LEADER
fixed length control field 00608nam a22001937a 4500
005 - DATE AND TIME OF LATEST TRANSACTION
control field 20180729104442.0
010 ## - LCCN (DPL NO)
LC control number B-129827
020 ## - INTERNATIONAL STANDARD BOOK NUMBER
International Standard Book Number 9780195667080
Terms of availability 595.00
035 ## - SYSTEM CONTROL NUMBER
System control number B-129827, B-129823
037 ## - SOURCE OF ACQUISITION
Source of stock number/acquisition BPPD/PUB
082 ## - DEWEY DECIMAL CLASSIFICATION NUMBER
Classification number 954.07
245 ## - TITLE STATEMENT
Title Sikhism and history /
Statement of responsibility, etc edited by Pashaura Singh & N. Gerald Barrier
260 ## - PUBLICATION, DISTRIBUTION, ETC. (IMPRINT)
Place of publication, distribution, etc New Delhi
Name of publisher, distributor, etc Oxford University Press
Date of publication, distribution, etc 2010
270 ## - ADDRESS
Address YMCA Library Building, Jai Singh Road,
City New Delhi
Postal code 110001
300 ## - PHYSICAL DESCRIPTION
Extent x, 280p.
Dimensions 22cm, (Hb)
700 ## - ADDED ENTRY--PERSONAL NAME
Personal name Pashaura Singh
700 ## - ADDED ENTRY--PERSONAL NAME
Personal name Barrier, N. Gerald
942 ## - ADDED ENTRY ELEMENTS (KOHA)
Source of classification or shelving scheme Dewey Decimal Classification
Item type English Books
Classification part 954.07
Call number suffix SIK
Holdings
Withdrawn status Lost status Not for loan Collection code Home library Current library Date acquired Source of acquisition Cost, normal purchase price Full call number Barcode Cost, replacement price Koha item type
      Non-fiction Patel Nagar Patel Nagar 29/07/2018 BPPD/Pub 595.00 954.07 SIK B-129823 595.00 English Books
      Non-fiction Shahdara Branch Shahdara Branch 24/05/2018 BPPD/PUB 595.00 954.07 SIK B-129827 595.00 English Books

© Delhi Public Library
Hit Counter
free hit counter